[Event "International Tournament"]
[Site "Thivon"]
[Date "2016.08.28"]
[Round "4.7"]
[White "Makka, Ioulia"]
[Black "Gazis, Efstathios"]
[Result "1/2-1/2"]
[BlackElo "2286"]
[WhiteElo "2138"]
[LiveChessVersion "1.4.8"]

1. e4 {[%clk 1:12:50]} c5 {[%clk 1:28:05]} 2. Nf3 {[%clk 1:13:09]} e6
{[%clk 1:28:28]} 3. d4 {[%clk 1:12:41]} cxd4 {[%clk 1:28:52]} 4. Nxd4
{[%clk 1:13:06]} a6 {[%clk 1:28:44]} 5. Bd3 {[%clk 1:13:19]} Nf6 {[%clk 1:28:48]}
6. O-O {[%clk 1:09:37]} Qc7 {[%clk 1:29:06]} 7. Qe2 {[%clk 1:08:54]} d6
{[%clk 1:29:05]} 8. c4 {[%clk 1:06:36]} g6 {[%clk 1:29:08]} 9. Nc3
{[%clk 1:05:19]} Bg7 {[%clk 1:29:32]} 10. Nf3 {[%clk 0:57:03]} O-O
{[%clk 1:29:00]} 11. h3 {[%clk 0:56:29]} Nc6 {[%clk 1:27:25]} 12. Bf4
{[%clk 0:55:24]} Nh5 {[%clk 1:25:54]} 13. Bd2 {[%clk 0:53:36]} b6
{[%clk 1:24:50]} 14. Rac1 {[%clk 0:53:02]} Bb7 {[%clk 1:22:23]} 15. Be3
{[%clk 0:49:37]} Nb8 {[%clk 1:19:10]} 16. Rfd1 {[%clk 0:47:05]} Nd7
{[%clk 1:19:10]} 17. Bb1 {[%clk 0:22:39]} Rfc8 {[%clk 1:10:24]} 18. Nd2
{[%clk 0:18:39]} Qd8 {[%clk 1:05:12]} 19. Nb3 {[%clk 0:14:23]} Bf8
{[%clk 1:02:58]} 20. f4 {[%clk 0:09:57]} Qh4 {[%clk 0:52:47]} 21. Qf1
{[%clk 0:08:59]} Nc5 {[%clk 0:43:31]} 22. Nd2 {[%clk 0:09:04]} Bh6
{[%clk 0:36:05]} 23. b4 {[%clk 0:07:46]} Nd7 {[%clk 0:34:58]} 24. Nf3
{[%clk 0:05:23]} Qe7 {[%clk 0:34:38]} 25. Ne2 {[%clk 0:02:26]} e5
{[%clk 0:32:51]} 26. Nh2 {[%clk 0:02:55]} exf4 {[%clk 0:29:21]} 27. Nxf4
{[%clk 0:03:22]} Bxe4 {[%clk 0:29:02]} 28. Ng4 {[%clk 0:02:55]} Bg5
{[%clk 0:25:45]} 29. Nxh5 {[%clk 0:02:34]} Bxe3+ {[%clk 0:25:44]} 30. Nxe3
{[%clk 0:02:59]} Bxb1 {[%clk 0:18:42]} 31. Nd5 {[%clk 0:03:20]} Qg5
{[%clk 0:19:02]} 32. Nhf6+ {[%clk 0:01:10]} Nxf6 {[%clk 0:19:22]} 33. Nxf6+
{[%clk 0:01:36]} Kg7 {[%clk 0:19:48]} 34. Rxb1 {[%clk 0:01:25]} Qxf6
{[%clk 0:20:08]} 35. Qxf6+ {[%clk 0:01:33]} Kxf6 {[%clk 0:20:30]} 36. Rxd6+
{[%clk 0:01:53]} Kg7 {[%clk 0:20:30]} 37. Rxb6 {[%clk 0:01:50]} Rxc4
{[%clk 0:20:56]} 38. Rb7 {[%clk 0:01:54]} Rf4 {[%clk 0:19:15]} 39. Rf1
{[%clk 0:01:25]} Rxf1+ {[%clk 0:19:23]} 40. Kxf1 {[%clk 0:16:53]} Rc8
{[%clk 0:34:34]} 41. a4 {[%clk 0:16:31]} a5 {[%clk 0:26:33]} 42. bxa5
{[%clk 0:14:15]} Rc4 {[%clk 0:26:54]} 43. a6 {[%clk 0:13:57]} Rxa4
{[%clk 0:27:19]} 44. a7 {[%clk 0:14:15]} g5 {[%clk 0:26:27]} 45. Ke2
{[%clk 0:07:39]} Kg6 {[%clk 0:26:17]} 46. Kd3 {[%clk 0:07:25]} f6
{[%clk 0:18:49]} 47. Kc3 {[%clk 0:07:33]} h5 {[%clk 0:12:35]} 48. Kb3
{[%clk 0:07:05]} Ra1 {[%clk 0:12:57]} 49. Kb4 {[%clk 0:04:26]} h4
{[%clk 0:12:10]} 50. Kc5 {[%clk 0:03:04]} Kf5 {[%clk 0:10:56]} 51. Rb5
{[%clk 0:03:00]} Kf4 {[%clk 0:06:54]} 52. Kb6 {[%clk 0:03:13]} Rxa7
{[%clk 0:07:03]} 53. Rb4+ {[%clk 0:02:33]} Ke3 {[%clk 0:06:55]} 54. Kxa7
{[%clk 0:02:45]} f5 {[%clk 0:06:57]} 55. Kb6 {[%clk 0:01:35]} Kf2
{[%clk 0:06:48]} 56. Rb2+ {[%clk 0:01:35]} Kg3 {[%clk 0:06:43]} 57. Kc5
{[%clk 0:01:13]} g4 {[%clk 0:06:45]} 58. Kd4 {[%clk 0:00:59]} gxh3
{[%clk 0:06:54]} 59. gxh3 {[%clk 0:01:20]} Kxh3 {[%clk 0:07:15]} 60. Ke5
{[%clk 0:00:49]} Kg4 {[%clk 0:06:27]} 61. Rg2+ {[%clk 0:00:51]} Kf3
{[%clk 0:06:47]} 62. Rg7 {[%clk 0:00:53]} h3 {[%clk 0:06:51]} 63. Rh7
{[%clk 0:00:51]} Kg2 {[%clk 0:05:59]} 64. Kf4 {[%clk 0:00:47]} h2
{[%clk 0:06:21]} 65. Rg7+ {[%clk 0:00:51]} Kf2 {[%clk 0:06:20]} 66. Rh7
{[%clk 0:01:00]} Kg2 {[%clk 0:06:43]} 67. Rg7+ {[%clk 0:00:59]} Kf2
{[%clk 0:07:05]} 68. Rh7 {[%clk 0:01:07]} Kg2 {[%clk 0:07:26]} 69. Rg7+
{[%clk 0:01:03]} Kf2 {[%clk 0:07:41]} 70. Rh7 {[%clk 0:01:11]} 1/2-1/2

[Event "International Tournament"]
[Site "Thivon"]
[Date "2016.08.28"]
[Round "4.8"]
[White "Hristodoulou, Panagiotis"]
[Black "Ignatiadis, Konstantinos"]
[Result "1-0"]
[BlackElo "2085"]
[WhiteElo "2283"]
[LiveChessVersion "1.4.8"]

1. e4 {[%clk 1:28:00]} c6 {[%clk 1:30:50]} 2. d4 {[%clk 1:28:08]} d5
{[%clk 1:31:13]} 3. f3 {[%clk 1:27:46]} e6 {[%clk 1:31:27]} 4. Nc3
{[%clk 1:28:04]} b6 {[%clk 1:30:58]} 5. Be3 {[%clk 1:28:08]} Ba6 {[%clk 1:30:25]}
6. Bxa6 {[%clk 1:28:02]} Nxa6 {[%clk 1:30:47]} 7. Qd3 {[%clk 1:28:17]} Nc7
{[%clk 1:28:52]} 8. Nge2 {[%clk 1:26:02]} Nf6 {[%clk 1:26:11]} 9. O-O
{[%clk 1:20:22]} Be7 {[%clk 1:23:25]} 10. e5 {[%clk 1:16:46]} Nd7
{[%clk 1:23:35]} 11. Nd1 {[%clk 1:16:43]} O-O {[%clk 1:16:10]} 12. Nf2
{[%clk 1:08:37]} c5 {[%clk 1:16:11]} 13. c3 {[%clk 1:08:28]} Qc8 {[%clk 1:14:46]}
14. Qd2 {[%clk 1:02:46]} Qa6 {[%clk 1:06:27]} 15. Ng3 {[%clk 1:02:58]} Qa5
{[%clk 0:57:39]} 16. Bg5 {[%clk 0:58:20]} f6 {[%clk 0:57:14]} 17. exf6
{[%clk 0:58:09]} Bxf6 {[%clk 0:53:51]} 18. Ng4 {[%clk 0:53:51]} cxd4
{[%clk 0:51:34]} 19. Bxf6 {[%clk 0:50:49]} Nxf6 {[%clk 0:51:48]} 20. Qxd4
{[%clk 0:50:40]} Nxg4 {[%clk 0:50:42]} 21. Qxg4 {[%clk 0:50:35]} Qc5+
{[%clk 0:50:52]} 22. Kh1 {[%clk 0:50:35]} Qe7 {[%clk 0:48:26]} 23. Rfe1
{[%clk 0:46:10]} Qf7 {[%clk 0:48:28]} 24. Re3 {[%clk 0:42:05]} Qf4
{[%clk 0:43:12]} 25. Qxf4 {[%clk 0:41:48]} Rxf4 {[%clk 0:43:34]} 26. Ne2
{[%clk 0:41:49]} Rf6 {[%clk 0:43:54]} 27. Nd4 {[%clk 0:41:57]} Re8
{[%clk 0:42:55]} 28. Rae1 {[%clk 0:39:24]} Kf7 {[%clk 0:39:47]} 29. Re5
{[%clk 0:37:01]} a6 {[%clk 0:39:20]} 30. a4 {[%clk 0:33:08]} Rc8 {[%clk 0:38:23]}
31. g3 {[%clk 0:33:02]} Rd8 {[%clk 0:35:47]} 32. f4 {[%clk 0:32:32]} Re8
{[%clk 0:35:36]} 33. Kg2 {[%clk 0:32:41]} h6 {[%clk 0:34:16]} 34. h4
{[%clk 0:33:01]} g6 {[%clk 0:32:30]} 35. h5 {[%clk 0:23:45]} gxh5
{[%clk 0:32:35]} 36. Rxh5 {[%clk 0:24:06]} Rg8 {[%clk 0:32:04]} 37. Kf3
{[%clk 0:22:33]} Rfg6 {[%clk 0:31:46]} 38. Rg1 {[%clk 0:22:01]} Ke7
{[%clk 0:31:51]} 39. Nc6+ {[%clk 0:22:04]} Kd6 {[%clk 0:31:57]} 40. Ne5
{[%clk 0:37:26]} Rf6 {[%clk 0:47:06]} 41. Rgh1 {[%clk 0:34:26]} b5
{[%clk 0:46:02]} 42. a5 {[%clk 0:28:38]} Rg7 {[%clk 0:42:28]} 43. Rxh6
{[%clk 0:28:03]} Rxh6 {[%clk 0:42:52]} 44. Rxh6 {[%clk 0:28:28]} b4
{[%clk 0:43:06]} 45. cxb4 {[%clk 0:27:30]} Nb5 {[%clk 0:43:24]} 46. g4
{[%clk 0:27:31]} Nd4+ {[%clk 0:43:38]} 47. Kf2 {[%clk 0:21:39]} Nc2
{[%clk 0:42:51]} 48. g5 {[%clk 0:20:48]} Nxb4 {[%clk 0:42:59]} 49. g6
{[%clk 0:21:05]} Ke7 {[%clk 0:40:06]} 50. Rh8 {[%clk 0:14:37]} d4
{[%clk 0:39:52]} 51. Kf3 {[%clk 0:13:02]} d3 {[%clk 0:39:52]} 52. Rh7
{[%clk 0:12:54]} Kf6 {[%clk 0:40:13]} 53. Rxg7 {[%clk 0:13:19]} Kxg7
{[%clk 0:40:31]} 54. Ke3 {[%clk 0:13:31]} Nd5+ {[%clk 0:40:45]} 55. Kxd3
{[%clk 0:13:40]} Nxf4+ {[%clk 0:41:09]} 56. Kd4 {[%clk 0:13:40]} Kf6
{[%clk 0:41:07]} 57. b4 {[%clk 0:12:39]} Nd5 {[%clk 0:41:28]} 58. b5
{[%clk 0:12:56]} axb5 {[%clk 0:41:39]} 59. a6 {[%clk 0:13:20]} b4
{[%clk 0:41:46]} 60. a7 {[%clk 0:13:37]} Nb6 {[%clk 0:41:34]} 61. Nd7+
{[%clk 0:13:23]} Nxd7 {[%clk 0:41:55]} 62. a8=Q {[%clk 0:13:47]} 1-0

[Event "International Tournament"]
[Site "Thivon"]
[Date "2016.08.28"]
[Round "4.9"]
[White "Trimitzios, Petros"]
[Black "Kordis, Konstantinos"]
[Result "1-0"]
[BlackElo "2218"]
[WhiteElo "2094"]
[LiveChessVersion "1.4.8"]

1. d4 {[%clk 1:30:58]} Nf6 {[%clk 1:25:24]} 2. c4 {[%clk 1:31:01]} g6
{[%clk 1:25:43]} 3. Nc3 {[%clk 1:30:42]} Bg7 {[%clk 1:26:04]} 4. e4
{[%clk 1:30:23]} d6 {[%clk 1:26:26]} 5. f3 {[%clk 1:29:55]} O-O {[%clk 1:26:47]}
6. Be3 {[%clk 1:29:48]} c5 {[%clk 1:27:05]} 7. Nge2 {[%clk 1:28:07]} Nbd7
{[%clk 1:26:56]} 8. Qd2 {[%clk 1:26:51]} a6 {[%clk 1:26:26]} 9. g4
{[%clk 1:04:31]} cxd4 {[%clk 1:16:27]} 10. Nxd4 {[%clk 1:00:12]} Ne5
{[%clk 1:14:59]} 11. Be2 {[%clk 0:54:51]} Bd7 {[%clk 1:01:07]} 12. h4
{[%clk 0:36:36]} Rc8 {[%clk 0:56:59]} 13. b3 {[%clk 0:36:15]} h5 {[%clk 0:55:00]}
14. gxh5 {[%clk 0:28:29]} Nxh5 {[%clk 0:54:48]} 15. Rg1 {[%clk 0:28:57]} e6
{[%clk 0:46:11]} 16. Bg5 {[%clk 0:25:23]} Qa5 {[%clk 0:36:36]} 17. Rc1
{[%clk 0:20:51]} Nc6 {[%clk 0:24:53]} 18. Nxc6 {[%clk 0:15:40]} Bxc6
{[%clk 0:22:59]} 19. Bh6 {[%clk 0:14:01]} Qe5 {[%clk 0:20:49]} 20. Bxg7
{[%clk 0:13:01]} Kxg7 {[%clk 0:21:07]} 21. Rd1 {[%clk 0:05:48]} Kh7
{[%clk 0:20:07]} 22. Qd4 {[%clk 0:06:02]} Qa5 {[%clk 0:15:27]} 23. Rg5
{[%clk 0:04:38]} e5 {[%clk 0:12:49]} 24. Qe3 {[%clk 0:04:07]} Qd8
{[%clk 0:11:58]} 25. c5 {[%clk 0:04:08]} Nf4 {[%clk 0:12:14]} 26. Rxd6
{[%clk 0:03:30]} Qxg5 {[%clk 0:12:35]} 27. hxg5 {[%clk 0:03:32]} Ng2+
{[%clk 0:13:00]} 28. Kf2 {[%clk 0:03:42]} Nxe3 {[%clk 0:13:25]} 29. Kxe3
{[%clk 0:04:11]} Rcd8 {[%clk 0:13:41]} 30. Rf6 {[%clk 0:04:27]} Kg7
{[%clk 0:13:33]} 31. Bc4 {[%clk 0:04:48]} Rd7 {[%clk 0:13:00]} 32. Bd5
{[%clk 0:04:21]} Rc7 {[%clk 0:12:55]} 33. b4 {[%clk 0:03:31]} Rh8
{[%clk 0:13:11]} 34. Rd6 {[%clk 0:01:49]} Rh5 {[%clk 0:13:29]} 35. Bxc6
{[%clk 0:01:27]} Rxc6 {[%clk 0:13:32]} 36. Rd7 {[%clk 0:01:10]} b6
{[%clk 0:13:51]} 37. Rd6 {[%clk 0:00:43]} Rxd6 {[%clk 0:14:06]} 38. cxd6
{[%clk 0:01:12]} Kf8 {[%clk 0:14:15]} 39. Nd5 {[%clk 0:01:38]} Rxg5
{[%clk 0:14:08]} 40. d7 {[%clk 0:17:06]} Kg7 1-0

[Event "International Tournament"]
[Site "Thivon"]
[Date "2016.08.28"]
[Round "4.10"]
[White "Gogolis, Alexandros"]
[Black "Nikolaou, Spiridon"]
[Result "1/2-1/2"]
[BlackElo "2065"]
[WhiteElo "2207"]
[LiveChessVersion "1.4.8"]

1. d4 {[%clk 1:29:28]} e6 {[%clk 1:14:51]} 2. Nf3 {[%clk 1:26:55]} f5
{[%clk 1:15:13]} 3. Bf4 {[%clk 1:26:05]} Nf6 {[%clk 1:13:46]} 4. e3
{[%clk 1:26:05]} b6 {[%clk 1:14:09]} 5. Nbd2 {[%clk 1:25:13]} Bb7
{[%clk 1:14:33]} 6. h3 {[%clk 1:24:03]} Be7 {[%clk 1:14:57]} 7. c3
{[%clk 1:23:49]} O-O {[%clk 1:14:27]} 8. Bd3 {[%clk 1:22:53]} c5 {[%clk 1:12:21]}
9. O-O {[%clk 1:12:50]} Ne4 {[%clk 1:08:40]} 10. Qc2 {[%clk 1:10:34]} d5
{[%clk 1:06:32]} 11. Ne5 {[%clk 1:08:01]} Nd7 {[%clk 1:02:50]} 12. Nxd7
{[%clk 1:03:41]} Qxd7 {[%clk 1:03:14]} 13. Nf3 {[%clk 1:03:12]} Bf6
{[%clk 1:02:24]} 14. Ne5 {[%clk 1:01:48]} Qe7 {[%clk 0:58:40]} 15. f3
{[%clk 0:57:08]} Nd6 {[%clk 0:56:27]} 16. Qe2 {[%clk 0:47:18]} g5
{[%clk 0:51:18]} 17. Bh2 {[%clk 0:45:52]} Bxe5 {[%clk 0:45:53]} 18. Bxe5
{[%clk 0:43:10]} Nf7 {[%clk 0:44:51]} 19. f4 {[%clk 0:36:47]} Nxe5
{[%clk 0:41:21]} 20. fxe5 {[%clk 0:35:12]} Rf7 {[%clk 0:41:00]} 21. Rf2
{[%clk 0:34:32]} Raf8 {[%clk 0:40:05]} 22. Raf1 {[%clk 0:34:53]} Bc6
{[%clk 0:26:33]} 23. a3 {[%clk 0:25:55]} Be8 {[%clk 0:12:37]} 24. g4
{[%clk 0:16:28]} fxg4 {[%clk 0:07:29]} 25. hxg4 {[%clk 0:16:07]} 1/2-1/2

[Event "International Tournament"]
[Site "Thivon"]
[Date "2016.08.28"]
[Round "4.11"]
[White "Sandalakis, Nikolaos"]
[Black "Kaforos, Dimitrios-Alkis"]
[Result "1/2-1/2"]
[BlackElo "2204"]
[WhiteElo "2099"]
[LiveChessVersion "1.4.8"]

1. e4 {[%clk 1:30:57]} c6 {[%clk 1:30:30]} 2. Nc3 {[%clk 1:30:59]} d5
{[%clk 1:30:52]} 3. d4 {[%clk 1:28:02]} dxe4 {[%clk 1:31:15]} 4. Nxe4
{[%clk 1:28:26]} Bf5 {[%clk 1:31:42]} 5. Ng3 {[%clk 1:28:42]} Bg6
{[%clk 1:32:08]} 6. Nh3 {[%clk 1:26:18]} Nf6 {[%clk 1:32:16]} 7. Nf4
{[%clk 1:25:15]} e5 {[%clk 1:32:39]} 8. Nxg6 {[%clk 1:20:34]} hxg6
{[%clk 1:33:01]} 9. dxe5 {[%clk 1:08:12]} Qa5+ {[%clk 1:32:54]} 10. Bd2
{[%clk 1:07:17]} Qxe5+ {[%clk 1:33:16]} 11. Qe2 {[%clk 1:07:40]} Nbd7
{[%clk 1:33:34]} 12. f4 {[%clk 1:01:02]} Qxe2+ {[%clk 1:33:15]} 13. Bxe2
{[%clk 1:01:14]} O-O-O {[%clk 1:32:20]} 14. O-O-O {[%clk 0:57:12]} Bd6
{[%clk 1:30:17]} 15. Bf3 {[%clk 0:41:54]} Nb6 {[%clk 1:27:37]} 16. Kb1
{[%clk 0:34:14]} Nbd5 {[%clk 1:26:01]} 17. Ne2 {[%clk 0:32:39]} Rhe8
{[%clk 1:25:28]} 18. g3 {[%clk 0:17:17]} Ne3 {[%clk 1:18:36]} 19. Bxe3
{[%clk 0:17:30]} Rxe3 {[%clk 1:19:02]} 20. Rhf1 {[%clk 0:17:51]} Bc5
{[%clk 1:18:35]} 21. Rxd8+ {[%clk 0:17:26]} Kxd8 {[%clk 1:19:04]} 22. Nc1
{[%clk 0:09:27]} Ne4 {[%clk 1:17:40]} 23. Nb3 {[%clk 0:05:24]} Bb6
{[%clk 1:17:07]} 24. Kc1 {[%clk 0:05:36]} Ke7 {[%clk 1:16:27]} 25. Nd2
{[%clk 0:05:35]} Nf2 {[%clk 1:14:40]} 26. c3 {[%clk 0:02:39]} Nd3+
{[%clk 1:14:04]} 27. Kc2 {[%clk 0:02:36]} Ne1+ {[%clk 1:13:49]} 28. Kd1
{[%clk 0:02:48]} Nxf3 {[%clk 1:12:57]} 29. Nxf3 {[%clk 0:02:24]} Kf6
{[%clk 1:07:51]} 30. Ne5 {[%clk 0:02:19]} Ke6 {[%clk 1:05:11]} 31. Kd2
{[%clk 0:02:00]} Re4 {[%clk 1:03:47]} 32. Kd3 {[%clk 0:02:20]} Re3+
{[%clk 1:03:45]} 33. Kd2 {[%clk 0:02:35]} g5 {[%clk 1:02:24]} 34. Nc4
{[%clk 0:02:30]} Re4 {[%clk 1:02:46]} 35. Kd3 {[%clk 0:01:40]} f5
{[%clk 1:03:01]} 36. Nxb6 {[%clk 0:00:44]} axb6 {[%clk 1:03:27]} 37. fxg5
{[%clk 0:01:09]} Rg4 {[%clk 1:03:49]} 38. Rf4 {[%clk 0:00:50]} Rxg5
{[%clk 1:04:13]} 39. Rb4 {[%clk 0:00:53]} b5 {[%clk 1:03:30]} 40. a4
{[%clk 0:15:39]} Rh5 {[%clk 1:18:15]} 41. h4 {[%clk 0:07:32]} bxa4
{[%clk 1:16:40]} 42. Rxb7 {[%clk 0:07:18]} g5 {[%clk 1:16:59]} 43. Rb4
{[%clk 0:07:38]} gxh4 {[%clk 1:14:52]} 44. gxh4 {[%clk 0:07:45]} Ke5
{[%clk 1:10:10]} 45. Rxa4 {[%clk 0:07:25]} c5 {[%clk 1:10:35]} 46. Ke3
{[%clk 0:05:46]} Rh8 {[%clk 1:11:03]} 47. Ra5 {[%clk 0:04:09]} Kd6
{[%clk 1:11:13]} 48. Ra4 {[%clk 0:01:22]} Ke5 {[%clk 1:11:37]} 49. Kf3
{[%clk 0:01:13]} Rb8 {[%clk 1:11:40]} 50. b4 {[%clk 0:00:51]} cxb4
{[%clk 1:12:05]} 51. cxb4 {[%clk 0:00:33]} Rc8 {[%clk 1:10:52]} 52. Ra5+
{[%clk 0:00:39]} Kf6 {[%clk 1:11:20]} 53. Ra6+ {[%clk 0:00:58]} Ke5
{[%clk 1:11:44]} 54. Ra5+ {[%clk 0:01:12]} Kf6 {[%clk 1:12:10]} 55. Rc5
{[%clk 0:01:36]} Rh8 {[%clk 1:11:48]} 56. Rc6+ {[%clk 0:01:49]} Ke5
{[%clk 1:12:14]} 57. Rc5+ {[%clk 0:02:08]} Kf6 {[%clk 1:12:43]} 58. Rc4
{[%clk 0:02:18]} Rb8 {[%clk 1:10:56]} 59. Kf4 {[%clk 0:02:38]} Rh8
{[%clk 1:10:59]} 60. Rc6+ {[%clk 0:02:00]} Ke7 {[%clk 1:11:26]} 61. Kg5
{[%clk 0:01:36]} f4 {[%clk 1:11:44]} 62. Rc3 {[%clk 0:00:48]} Ke6
{[%clk 1:11:59]} 63. h5 {[%clk 0:00:41]} Ke5 {[%clk 1:11:30]} 64. Kg6
{[%clk 0:00:51]} Rg8+ {[%clk 1:11:24]} 65. Kf7 {[%clk 0:00:59]} Rh8
{[%clk 1:11:18]} 66. Kg6 {[%clk 0:01:13]} Rg8+ {[%clk 1:11:40]} 67. Kf7
{[%clk 0:01:40]} Rb8 {[%clk 1:11:49]} 68. Rb3 {[%clk 0:01:28]} Rb7+
{[%clk 1:11:05]} 69. Kg6 {[%clk 0:01:43]} Rb6+ {[%clk 1:11:22]} 70. Kg5
{[%clk 0:02:03]} Rb8 {[%clk 1:10:55]} 71. h6 {[%clk 0:01:15]} Rg8+
{[%clk 1:11:21]} 72. Kh5 {[%clk 0:01:39]} Ke4 {[%clk 1:07:58]} 73. h7
{[%clk 0:01:54]} Rb8 {[%clk 1:08:21]} 74. Kg4 {[%clk 0:01:20]} Rh8
{[%clk 1:08:34]} 75. Rh3 {[%clk 0:01:30]} f3 {[%clk 1:09:01]} 76. Kg3
{[%clk 0:01:08]} Ke3 {[%clk 1:09:21]} 77. Kg4 {[%clk 0:01:23]} Ke4
{[%clk 1:09:49]} 78. Kg3 {[%clk 0:00:42]} Ke3 {[%clk 1:10:15]} 79. Rh6
{[%clk 0:00:44]} f2 {[%clk 1:10:11]} 80. Re6+ {[%clk 0:01:05]} Kd2
{[%clk 1:10:21]} 81. Kxf2 {[%clk 0:01:21]} Rxh7 {[%clk 1:10:48]} 82. b5
{[%clk 0:01:39]} Rb7 {[%clk 1:11:14]} 83. b6 {[%clk 0:02:04]} Kd3
{[%clk 1:11:39]} 84. Kf3 {[%clk 0:02:29]} Kd4 {[%clk 1:12:06]} 85. Ke2
{[%clk 0:02:52]} Kc5 {[%clk 1:12:34]} 86. Kd3 {[%clk 0:03:15]} Rxb6
{[%clk 1:13:02]} 87. Rxb6 {[%clk 0:03:41]} Kxb6 1/2-1/2

[Event "International Tournament"]
[Site "Thivon"]
[Date "2016.08.28"]
[Round "4.12"]
[White "Papahristoudis, Anastasios"]
[Black "Kotronias, Vasilios"]
[Result "0-1"]
[BlackElo "2541"]
[WhiteElo "1988"]
[LiveChessVersion "1.4.8"]

1. c4 {[%clk 1:30:29]} Nf6 {[%clk 1:27:56]} 2. Nc3 {[%clk 1:30:47]} d6
{[%clk 1:26:20]} 3. g3 {[%clk 1:30:38]} e5 {[%clk 1:26:37]} 4. Bg2
{[%clk 1:30:12]} Be7 {[%clk 1:26:53]} 5. Nf3 {[%clk 1:27:35]} O-O
{[%clk 1:27:11]} 6. O-O {[%clk 1:27:06]} Nbd7 {[%clk 1:27:22]} 7. d4
{[%clk 1:21:45]} c6 {[%clk 1:27:18]} 8. Qc2 {[%clk 1:20:40]} Re8 {[%clk 1:26:56]}
9. Rd1 {[%clk 1:15:41]} Qc7 {[%clk 1:27:16]} 10. b3 {[%clk 1:04:32]} Bf8
{[%clk 1:23:32]} 11. Ba3 {[%clk 0:51:19]} e4 {[%clk 1:21:43]} 12. Ne1
{[%clk 0:50:59]} e3 {[%clk 1:14:04]} 13. f3 {[%clk 0:46:53]} h5 {[%clk 1:08:53]}
14. Qd3 {[%clk 0:39:54]} h4 {[%clk 1:08:45]} 15. Bc1 {[%clk 0:33:44]} hxg3
{[%clk 1:02:30]} 16. hxg3 {[%clk 0:33:40]} d5 {[%clk 1:02:51]} 17. Bxe3
{[%clk 0:33:05]} dxc4 {[%clk 0:59:56]} 18. bxc4 {[%clk 0:33:10]} Qxg3
{[%clk 0:59:58]} 19. Bf2 {[%clk 0:33:01]} Qg5 {[%clk 0:59:52]} 20. Qd2
{[%clk 0:29:46]} Qh5 {[%clk 0:52:59]} 21. Nd3 {[%clk 0:21:03]} Bd6
{[%clk 0:51:00]} 22. e4 {[%clk 0:18:06]} Bh2+ {[%clk 0:49:42]} 23. Kf1
{[%clk 0:18:30]} Nb6 {[%clk 0:50:02]} 24. c5 {[%clk 0:15:25]} Nc4
{[%clk 0:50:26]} 25. Qc2 {[%clk 0:13:12]} Bh3 {[%clk 0:46:32]} 26. Ne1
{[%clk 0:09:34]} Bxg2+ {[%clk 0:41:25]} 27. Kxg2 {[%clk 0:09:55]} Re6
{[%clk 0:39:59]} 28. Ne2 {[%clk 0:08:23]} Nxe4 {[%clk 0:39:53]} 29. fxe4
{[%clk 0:07:16]} Rg6+ {[%clk 0:40:09]} 30. Ng3 {[%clk 0:07:35]} Bxg3
{[%clk 0:36:26]} 31. Nf3 {[%clk 0:07:50]} Bf4+ {[%clk 0:36:39]} 32. Kf1
{[%clk 0:07:56]} Qxf3 {[%clk 0:36:48]} 33. Qxc4 {[%clk 0:08:17]} Rh6
{[%clk 0:36:47]} 0-1

[Event "International Tournament"]
[Site "Thivon"]
[Date "2016.08.29"]
[Round "5.1"]
[White "Stathopoulos, Ioannis"]
[Black "Kouskoutis, Georgios-Alexandro"]
[Result "1-0"]
[BlackElo "2241"]
[WhiteElo "2343"]
[LiveChessVersion "1.4.8"]

1. d4 {[%clk 1:29:58]} Nf6 {[%clk 1:30:47]} 2. c4 {[%clk 1:29:40]} e6
{[%clk 1:31:09]} 3. Nf3 {[%clk 1:29:15]} c5 {[%clk 1:28:06]} 4. d5
{[%clk 1:29:04]} d6 {[%clk 1:28:32]} 5. Nc3 {[%clk 1:28:17]} exd5
{[%clk 1:28:56]} 6. cxd5 {[%clk 1:28:46]} g6 {[%clk 1:29:18]} 7. h3
{[%clk 1:28:07]} Bg7 {[%clk 1:27:35]} 8. e4 {[%clk 1:27:37]} O-O {[%clk 1:27:47]}
9. Bd3 {[%clk 1:28:04]} Na6 {[%clk 1:25:45]} 10. O-O {[%clk 1:28:04]} Nc7
{[%clk 1:24:13]} 11. Bf4 {[%clk 1:23:50]} a6 {[%clk 1:13:46]} 12. a4
{[%clk 1:20:18]} Rb8 {[%clk 1:10:44]} 13. Rb1 {[%clk 1:07:51]} b5
{[%clk 1:03:23]} 14. axb5 {[%clk 1:00:52]} axb5 {[%clk 1:02:47]} 15. b4
{[%clk 1:00:54]} Nh5 {[%clk 0:52:27]} 16. Bg5 {[%clk 0:53:02]} Qe8
{[%clk 0:40:53]} 17. Qd2 {[%clk 0:50:34]} Na6 {[%clk 0:31:12]} 18. Na2
{[%clk 0:25:17]} f5 {[%clk 0:23:11]} 19. Rfe1 {[%clk 0:24:43]} fxe4
{[%clk 0:19:33]} 20. Rxe4 {[%clk 0:22:14]} Qf7 {[%clk 0:19:50]} 21. Be7
{[%clk 0:22:02]} Nf6 {[%clk 0:12:18]} 22. Ree1 {[%clk 0:20:48]} c4
{[%clk 0:10:41]} 23. Bc2 {[%clk 0:20:15]} Bb7 {[%clk 0:07:24]} 24. Bxd6
{[%clk 0:19:43]} Rbd8 {[%clk 0:06:16]} 25. Ng5 {[%clk 0:19:12]} Qxd5
{[%clk 0:05:58]} 26. Qxd5+ {[%clk 0:19:37]} Bxd5 {[%clk 0:05:19]} 27. Bxf8
{[%clk 0:19:54]} Bxf8 {[%clk 0:05:43]} 28. Ne6 {[%clk 0:16:12]} Bxe6
{[%clk 0:06:08]} 29. Rxe6 {[%clk 0:16:38]} Rd6 {[%clk 0:06:32]} 30. Rxd6
{[%clk 0:16:21]} Bxd6 {[%clk 0:06:58]} 31. Nc3 {[%clk 0:16:28]} Nc7
{[%clk 0:07:15]} 32. Ne4 {[%clk 0:15:59]} Nxe4 {[%clk 0:07:40]} 33. Bxe4
{[%clk 0:16:26]} Kf7 {[%clk 0:08:01]} 34. Kf1 {[%clk 0:16:04]} Na6
{[%clk 0:05:14]} 35. Rd1 {[%clk 0:04:47]} Ke7 {[%clk 0:03:37]} 36. Bc6
{[%clk 0:05:03]} Nxb4 {[%clk 0:02:32]} 37. Bxb5 {[%clk 0:05:10]} c3
{[%clk 0:03:00]} 38. Re1+ {[%clk 0:03:17]} Kf6 {[%clk 0:02:37]} 39. Re4
{[%clk 0:03:25]} g5 {[%clk 0:00:34]} 40. Rc4 {[%clk 0:18:25]} Na2
{[%clk 0:15:36]} 41. Ke2 {[%clk 0:15:44]} Bf4 {[%clk 0:06:22]} 42. Kd3
{[%clk 0:14:57]} Bd2 {[%clk 0:05:03]} 43. Kc2 {[%clk 0:15:06]} Ke5
{[%clk 0:03:46]} 44. Ra4 {[%clk 0:15:20]} Nc1 {[%clk 0:04:12]} 45. Ra1
{[%clk 0:15:42]} Kd5 1-0

[Event "International Tournament"]
[Site "Thivon"]
[Date "2016.08.29"]
[Round "5.2"]
[White "Simeonidis, Ioannis"]
[Black "Nikolaidis, Ioannis"]
[Result "1/2-1/2"]
[BlackElo "2558"]
[WhiteElo "2226"]
[LiveChessVersion "1.4.8"]

1. d4 {[%clk 1:30:55]} Nf6 {[%clk 1:28:04]} 2. c4 {[%clk 1:31:18]} d6
{[%clk 1:27:51]} 3. Nc3 {[%clk 1:31:36]} Bf5 {[%clk 1:26:56]} 4. g3
{[%clk 1:28:24]} e5 {[%clk 1:20:17]} 5. Nf3 {[%clk 1:21:44]} Nbd7
{[%clk 1:17:29]} 6. Bg2 {[%clk 1:21:20]} c6 {[%clk 1:17:09]} 7. Nh4
{[%clk 1:19:24]} Bg6 {[%clk 1:16:53]} 8. d5 {[%clk 1:19:06]} Rc8 {[%clk 1:10:35]}
9. Nxg6 {[%clk 1:13:02]} hxg6 {[%clk 1:10:29]} 10. dxc6 {[%clk 1:09:15]} bxc6
{[%clk 1:10:34]} 11. O-O {[%clk 1:08:59]} Nb6 {[%clk 1:06:05]} 12. c5
{[%clk 1:06:09]} dxc5 {[%clk 1:05:33]} 13. Qc2 {[%clk 0:59:34]} Be7
{[%clk 1:01:37]} 14. Rd1 {[%clk 0:59:12]} Qc7 {[%clk 1:00:58]} 15. b3
{[%clk 0:57:34]} O-O {[%clk 0:56:46]} 16. Bb2 {[%clk 0:56:19]} c4
{[%clk 0:52:16]} 17. Ne4 {[%clk 0:54:43]} cxb3 {[%clk 0:51:16]} 18. axb3
{[%clk 0:52:44]} Nfd5 {[%clk 0:45:56]} 1/2-1/2